April Fool's Movie Trivia - Statistics

General Stats
  • This quiz has been taken 20 times
  • The average score is 6 of 15
Answer Stats
Question Answer % Correct
Which is considered one of the best movies of all time? Dracula 2000
62%
True or false: Kirk Douglas was 103 years old when he died False
54%
Click on a Star Wars character
46%
Pick a character played by Martin Freeman Freddy Shoop
46%
Name an actor that appeared in all 8 Harry Potter movies Kenneth Branagh
46%
Pick the movie that came out before 1900 Project Hail Mary
46%
Name the James Bond villain Dr. Evil
38%
Name a real actor Marty McFly
38%
Name the character that wears a mask Superman
38%
Which is a president's favorite movie Clue
31%
Which movie came out most recently? Ivan the Terrible, Part II: The Boyars' Plot
31%
Which is a movie Woodrow Wilson would hate? The Birth of a Nation
31%
Who is a villain from Raiders of the Lost Ark? Mola Ram
23%
Which is the most accurate? Braveheart
15%
Which actor did not play a (real) president? Michael Shannon
15%
No matching quizzes found
Score Distribution
Percent of People with Each Score
Percentile by Number Answered
Your Score History
You have not taken this quiz